00459 a2200145 4500010001400000020001100014035001300025037001500038082000800053100001800061245006600079260006200145270007800207300002800285 aENG-87002 c150.00 aEN-70535 bDBAD / PUB14a4851 aCrasto, Agnel1 aPractical skills in conversational english /cby Agnel Crasto aPanaji (Goa)bInstitute of Perasonality Developmentc200? aPinto Chambers, Block A, 2nd Floor, Opp. Dena Bank,bPanajicGoak2435838 avii, 55 pc22 cm. (Pbk)